| 000 | 00555nam a2200193 a 4500 | ||
|---|---|---|---|
| 005 | 20230915063538.0 | ||
| 008 | 020826s1996 mx r 000 0 spa d | ||
| 020 | _a8433910353 | ||
| 035 | _aUPN01000118528 | ||
| 049 | _aCG | ||
| 050 | 4 |
_aPQ6623 A7.7 _bR3.7 |
|
| 100 | 1 |
_aMartín Gaite, Carmen, _d1925-2000 _938814 |
|
| 245 | 1 | 0 |
_aLo raro es vivir / _cCarmen Martín Gaite. |
| 260 |
_aBarcelona, Esp. : _bAnagrama, _c1996. |
||
| 300 | _a229 p. | ||
| 440 | 0 |
_aNarrativas hispánicas ; _v205 |
|
| 650 | 4 |
_aNovela española _ySiglo XX _99779 |
|
| 905 | _aLibro | ||
| 999 |
_c90898 _d90898 |
||